000 00221nam a22000977a 4500
999 _c16078
_d16078
003 OSt
008 191029b ||||| |||| 00| 0 eng d
100 _aAnnie,Thayyil
_94528
245 _aPunya manushya prakrutham
942 _cBK